The American economic review

Zapisane w:
Opis bibliograficzny
1. autor: Bell, James Washington
Format: Książka
Język:Undetermined
Wydane: Illinois George Banta Company, Inc. 1956
Hasła przedmiotowe:
Etykiety: Dodaj etykietę
Nie ma etykietki, Dołącz pierwszą etykiete!
Thư viện lưu trữ: Trung tâm Học liệu Trường Đại học Cần Thơ
LEADER 00522nam a2200193Ia 4500
001 CTU_81783
008 210402s9999 xx 000 0 und d
082 |a 330 
082 |b B433 
100 |a Bell, James Washington 
245 4 |a The American economic review 
245 0 |c James Washington Bell 
260 |a Illinois 
260 |b George Banta Company, Inc. 
260 |c 1956 
650 |a Economics 
650 |z United states 
904 |i Trọng Hải 
980 |a Trung tâm Học liệu Trường Đại học Cần Thơ